MARC
| LEADER | 00000nam a2200000Ia 4500 | ||
|---|---|---|---|
| 008 | 170316s9999 xx 000 0 und d | ||
| 040 | |a cru BVZT | ||
| 090 | |a 830 N-3g | ||
| 100 | |a Nordau, Max | ||
| 245 | |a La guerra de los millones | ||
| 260 | |a Valencia, España | ||
| 260 | |b Prometeo | ||
| 260 | |c [s.f.] | ||
| 300 | |a 128 páginas | ||
| 650 | |a LITERATURA ALEMANA | ||
| 650 | |a DRAMA | ||
| 999 | |c 7407 |d 7407 | ||
| 942 | |c 15 D |h 830 N-3g |2 z | ||
